000 00636nam a2200205Ia 4500
005 20241216011331.0
008 190429s9999||||xx |||||||||||||| ||und||
082 _a612.111
_bC241
100 _aCHAVEZ COLQUI, ROSA BEATRIZ / BERROSPI ESCANDON, MARGARITA Y MATOS MELENDEZ, RAYDA ELIZABETH
245 0 _aRELACION ENTRE LA ERITROCITOSIS Y COLESTEROL EN CERRO DE PASCO 1994
250 _a0
260 _aCERRO DE PASCO-PERU
_bUNDAC
_c1995
300 _a67 pag.
_c29.5 cm.
341 _h0
490 _v0
_a0
505 _aMATERIALES-METODOS-RESULTADOS
541 _aD
_d18-Sep-98
_oSoles
650 _aEnfermería
942 _cTESIS
999 _c39036
_d39036